[Event "Niederoesterreich Landesliga 0405"]
[Site "Austria"]
[Date "2005.02.20"]
[Round "8"]
[White "Roehrl, Karl"]
[Black "Bechmann, Gerhard"]
[Result "1-0"]
[WhiteElo "2225"]
[BlackElo "2065"]
[PlyCount "25"]
[EventDate "2004.09.19"]
[EventType "team-tourn"]
[EventRounds "11"]
[EventCountry "AUT"]
[SourceTitle "EXT 2022"]
[Source "ChessBase"]
[SourceDate "2021.10.06"]
[SourceVersion "1"]
[SourceVersionDate "2021.10.06"]
[SourceQuality "1"]

1. e4 e5 2. Nf3 d6 3. d4 exd4 4. Nxd4 Nc6 5. Nc3 Nf6 6. Be2 Be7 7. 0-0 0-0 8. f4 d5 9. Nxc6 bxc6 10. e5 Nd7 11. Be3 f5 12. Nxd5 Nxe5 13. Nxe7+ 1-0

[Event "Niederoesterreich Landesliga 0405"]
[Site "Austria"]
[Date "2004.11.14"]
[Round "5"]
[White "Roehrl, Karl"]
[Black "Kropik, Martin"]
[Result "1-0"]
[WhiteElo "2225"]
[BlackElo "2076"]
[PlyCount "47"]
[EventDate "2004.09.19"]
[EventType "team-tourn"]
[EventRounds "11"]
[EventCountry "AUT"]
[SourceTitle "EXT 2022"]
[Source "ChessBase"]
[SourceDate "2021.10.06"]
[SourceVersion "1"]
[SourceVersionDate "2021.10.06"]
[SourceQuality "1"]

1. e4 c5 2. Nc3 Nc6 3. f4 g6 4. Nf3 Bg7 5. Bc4 Nf6 6. d3 d6 7. 0-0 0-0 8. h3 e6 9. a3 b6 10. Ba2 Bb7 11. f5 exf5 12. exf5 Qd7 13. fxg6 hxg6 14. Bg5 Nh5 15. Nd5 Nd4 16. c3 Ne6 17. g4 Nxg5 18. Nxg5 Qd8 19. Ne4 f5 20. gxf5 Kh8 21. Qg4 Bc8 22. Qxg6 Qh4 23. Qg4 Bd4+ 24. Kh1 1-0

[Event "Niederoesterreich Landesliga 0405"]
[Site "Austria"]
[Date "2004.10.17"]
[Round "3"]
[White "Wadsack, Wolfgang"]
[Black "Roehrl, Karl"]
[Result "1-0"]
[WhiteElo "2178"]
[BlackElo "2225"]
[PlyCount "69"]
[EventDate "2004.09.19"]
[EventType "team-tourn"]
[EventRounds "11"]
[EventCountry "AUT"]
[SourceTitle "EXT 2022"]
[Source "ChessBase"]
[SourceDate "2021.10.06"]
[SourceVersion "1"]
[SourceVersionDate "2021.10.06"]
[SourceQuality "1"]

1. e4 c5 2. c3 d5 3. exd5 Qxd5 4. d4 Nc6 5. Nf3 e6 6. Bd3 cxd4 7. cxd4 Nf6 8. 0-0 Be7 9. Nc3 Qd8 10. a3 0-0 11. Re1 b6 12. Bc2 Bb7 13. Qd3 Rc8 14. d5 exd5 15. Bg5 g6 16. Rxe7 Nxe7 17. Bxf6 Qd6 18. Be5 Qc5 19. Qd2 f6 20. Bd4 Qc7 21. Qh6 Rf7 22. Re1 Rcf8 23. h4 Qd7 24. Qf4 Nf5 25. h5 Nxd4 26. Nxd4 gxh5 27. Re3 Kh8 28. Bf5 Qd8 29. Qh6 Bc8 30. Qxh5 Bxf5 31. Qxf5 Rg8 32. Ne6 Qd7 33. Nxd5 Rg5 34. Qf4 Rxd5 35. Qb8+ 1-0

[Event "Niederoesterreich Landesliga 0304"]
[Site "Austria"]
[Date "2003.12.14"]
[Round "6"]
[White "Vykydal, Frantisek"]
[Black "Roehrl, Karl"]
[Result "1/2-1/2"]
[WhiteElo "2253"]
[BlackElo "2292"]
[PlyCount "40"]
[EventDate "2003.09.21"]
[EventType "team-tourn"]
[EventRounds "11"]
[EventCountry "AUT"]
[SourceTitle "EXT 2022"]
[Source "ChessBase"]
[SourceDate "2021.10.06"]
[SourceVersion "1"]
[SourceVersionDate "2021.10.06"]
[SourceQuality "1"]

1. e4 c5 2. Nc3 e6 3. g3 d5 4. Bg2 dxe4 5. Nxe4 Nc6 6. d3 Nf6 7. Nxf6+ Qxf6 8. Bxc6+ bxc6 9. Qf3 Qe5+ 10. Qe4 Qxe4+ 11. dxe4 Ba6 12. Ne2 0-0-0 13. Bd2 Be7 14. Bc3 Rhg8 15. h4 h5 16. Nf4 g6 17. Rd1 Rxd1+ 18. Kxd1 Rd8+ 19. Kc1 Bf8 20. Rd1 Bh6 1/2-1/2

[Event "AUT-chT2O 9293"]
[Site "Austria"]
[Date "1992.??.??"]
[Round "?"]
[White "Neulinger, Manfred"]
[Black "Roehrl, Karl"]
[Result "0-1"]
[WhiteElo "2220"]
[BlackElo "2300"]
[PlyCount "56"]
[EventDate "1992.??.??"]
[EventType "team"]
[EventRounds "11"]
[EventCountry "AUT"]
[SourceTitle "EXT 1997"]
[Source "ChessBase"]
[SourceDate "1996.11.15"]
[SourceVersion "1"]
[SourceVersionDate "1996.11.15"]
[SourceQuality "1"]

1. e4 c5 2. Nf3 e6 3. d4 cxd4 4. Nxd4 a6 5. Bd3 Nc6 6. Nxc6 dxc6 7. 0-0 e5 8. Nd2 Bd6 9. Nc4 Bc7 10. a4 Ne7 11. a5 Be6 12. b4 Ng6 13. g3 Qf6 14. Qh5 h6 15. Be3 0-0 16. Rad1 Rad8 17. Bb6 Bxb6 18. Nxb6 Rd4 19. c3 Rd6 20. Bc4 Rfd8 21. Rxd6 Rxd6 22. Rd1 Qg5 23. Qe2 Nf4 24. Qe1 Nh3+ 25. Kg2 Qg4 26. f3 Nf4+ 27. Kf2 Qh3 28. gxf4 Qxh2+ 0-1

[Event "AUT-chT2O 9293"]
[Site "Austria"]
[Date "1992.??.??"]
[Round "?"]
[White "Roehrl, Karl"]
[Black "Schuh, Franz"]
[Result "1-0"]
[WhiteElo "2255"]
[BlackElo "2310"]
[PlyCount "109"]
[EventDate "1992.??.??"]
[EventType "team"]
[EventRounds "11"]
[EventCountry "AUT"]
[SourceTitle "EXT 1997"]
[Source "ChessBase"]
[SourceDate "1996.11.15"]
[SourceVersion "1"]
[SourceVersionDate "1996.11.15"]
[SourceQuality "1"]

1. e4 e5 2. Nf3 Nc6 3. Bc4 Nf6 4. d3 Be7 5. 0-0 d6 6. c3 0-0 7. Bb3 Bg4 8. h3 Be6 9. Re1 Qd7 10. Nbd2 h6 11. Nf1 Rfe8 12. Ng3 Bf8 13. d4 Bxb3 14. Qxb3 Na5 15. Qd1 exd4 16. Nxd4 d5 17. e5 Ne4 18. e6 fxe6 19. Nxe4 dxe4 20. Qg4 c5 21. Ne2 Nc4 22. Ng3 Ne5 23. Qxe4 Nd3 24. Re2 Rad8 25. Be3 b5 26. c4 bxc4 27. Qxc4 Qd5 28. b3 Qxc4 29. bxc4 Rb8 30. Ne4 Rb4 31. Rd1 Nb2 32. Rd7 Nxc4 33. Bxc5 Bxc5 34. Nxc5 e5 35. Rxa7 Rb5 36. Ne4 Ra5 37. Rxa5 Nxa5 38. Rc2 Ra8 39. Rc7 Ra6 40. Ng3 g6 41. Ne4 Nc6 42. Nc5 Rb6 43. a4 Na5 44. Nd7 Rb4 45. Nxe5 Rxa4 46. Ra7 g5 47. Ng4 Ra1+ 48. Kh2 Nb3 49. Nxh6+ Kf8 50. Rxa1 Nxa1 51. Kg3 Kg7 52. Nf5+ Kg6 53. Nd4 Kf6 54. Kf3 Ke5 55. Ke3 1-0

[Event "Graz op"]
[Site "Graz"]
[Date "1987.??.??"]
[Round "4"]
[White "Jukic, Mirko"]
[Black "Roehrl, Karl"]
[Result "1-0"]
[WhiteElo "2455"]
[BlackElo "2290"]
[PlyCount "70"]
[EventDate "1987.10.??"]
[EventType "swiss"]
[EventRounds "9"]
[EventCountry "AUT"]
[SourceTitle "TD"]
[Source "ChessBase"]
[SourceDate "1994.03.01"]
[SourceVersion "1"]
[SourceVersionDate "1994.03.01"]
[SourceQuality "1"]

1. d4 d5 2. c4 c6 3. Nc3 Nf6 4. e3 g6 5. Nf3 Bg7 6. Be2 0-0 7. 0-0 Bg4 8. cxd5 Nxd5 9. e4 Nb6 10. Be3 Bxf3 11. Bxf3 Nc4 12. e5 Na6 13. Bc1 Nc7 14. Qb3 Nb6 15. Rd1 Rb8 16. Bg5 h6 17. Bh4 Re8 18. Rac1 Qd7 19. h3 Nbd5 20. Rc2 Nxc3 21. bxc3 e6 22. Rcd2 Bf8 23. Be4 Be7 24. Bg3 Bf8 25. Rd3 Qe7 26. Qc2 Red8 27. Bf4 Nd5 28. Bc1 Qc7 29. Rg3 Ne7 30. h4 h5 31. Bg5 Re8 32. Bf6 Bg7 33. Qd2 Nd5 34. Qg5 Bxf6 35. exf6 Qf4 1-0